000 00349nam a2200145Ia 4500
008 191201s2012 xx 000 0 und d
082 _a004.22
_bHAC
100 _aHAYES,John. P
245 0 _aComputer Architecture and Organization
250 _a3rd
260 _aN.Delhi
_bTMH
_c2012
300 _a604
650 _aB.Tech(CSE)
942 _2ddc
_cBK
_02
999 _c5662
_d5662